| 000 | 01077nji a22003137a 4500 | ||
|---|---|---|---|
| 005 | 20100910155023.0 | ||
| 006 | a|||||r|||||00| 0 | ||
| 007 | sd ammalaaahaa | ||
| 008 | 100830t xxu||||| |||| 00| 0 eng d | ||
| 028 |
_aTAE 1320 _bEMI |
||
| 035 | _aGR-02464 | ||
| 040 |
_aSED _cSED |
||
| 100 |
_917455 _aMukesh |
||
| 245 |
_aMela / _cby Mukesh...[et. al] _h[sound recording] : |
||
| 246 | _aमेला / | ||
| 260 |
_aDum Dum, India _bEMI |
||
| 300 |
_a1 sound disc [Gramophone Recording]: _banalog, 45 rpm _c7.5 in. (SP) _fGramophone Record |
||
| 500 | _aBrief Record | ||
| 500 | _aRecord labels :EMI, Red | ||
| 505 | _aSide 1 गाया जा गीत मिलन के ( Gaaya ja geet milan key ) Side 2 यह जिन्दगी के मेले (Yeh jindgi key meley) | ||
| 600 |
_aMukesh _919590 |
||
| 650 |
_aFilm song _zIndia _91186 _xExcerpts |
||
| 650 | _919591 | ||
| 700 | _917416 | ||
| 700 | _917456 | ||
| 700 | _919512 | ||
| 942 |
_2ddc _cGR |
||
| 999 |
_c45708 _d45708 |
||